000 nam a22 a 4500
999 _c612
_d612
003 AKMAL
005 20170504123241.0
008 170504s2015 my a e o001 0 may d
020 _a9789675842078
_qpaperback
040 _aAKMAL
082 0 4 _a338.9595 RAN
_223
090 0 0 _a338.9595
_bRAN
110 1 _aMalaysia
_9400
245 0 0 _aRANCANGAN MALAYSIA KESEBELAS 2016-2020 :
_bPERTUMBUHAN BERPAKSIKAN RAKYAT /
_cPrakata Dato' Sri Mohd Najib bin Tun Haji Abdul Razak
264 1 _aPutrajaya :
_bUnit Perancangan Ekonomi, Jabatan Perdana Menteri,
_c2015
300 _aii, 1 volume (various pagings) :
_bcolour illustrations ;
_c27 cm
500 _aAlso available in English
650 1 0 _aEconomic forecasting
_zMalaysia
_982
650 2 0 _aEconomic development projects
_zMalaysia
_91337
651 0 _aMalaysia
_xEconomic policy
_y2016-2020
_91338
700 0 _aMohd. Najib Tun Haji Abdul Razak,
_cDato' Sri,
_d1953-
_ewriter of foreword.
_9528
710 2 _aJabatan Perdana Menteri.
_bUnit Perancang Ekonomi,
_eissuing body.
_9504
942 _2ddc
_cBOOK
950 _lAKMAL